Quizzes
Events
Quiz Creation
Community
Videos
Private Events
Remove Ads
Sign In
Join for FREE
Feedback
Dark Mode
Quiz Categories
Sports
Geography
Music
Movies
Television
Just For Fun
Miscellaneous
History
Literature
Language
Science
Gaming
Entertainment
Religion
Holiday
For Kids
Quiz Lab
Recent
Popular Today
Quiz Kudos Today
Editor Picks
Curator Picks
Quizzes by...
Day
Popularity
Type
Ratings
Length
Year
Community
Subscriptions
Recent Discussions
Orange Saloon
Badges
Playlists
Quests
Create
Leaderboards
Showdown
Live 5
Trivia Bingo
Activity
Puzzle Library
Sporcle Events
Private Events
Virtual Trivia
Globe League
Become a Host
Pub Owners
SporcleCon
Opinionation
Our Games
Videos
Blog
Mobile Apps
Partnerships
Remove Ads and Go Orange
Feedback
Movies
Disney
Marvel Cinematic Universe
Movie Resume
Movie Titles
Oscar
Actor
Actress
Director
Pixar
Role
Movie Quotes
Movie Characters
Box Office
Nominee
Best Picture
Star Wars
James Bond
Horror Movies
Movies
Disney
Marvel Cinematic Universe
Movie Resume
Movie Titles
Oscar
Actor
Actress
Director
Pixar
Role
Movie Quotes
Movie Characters
Box Office
Nominee
Best Picture
Star Wars
James Bond
Horror Movies
Random Quiz
Search Sporcle
×
Quiz Lab
Quiz Lab
Movies
Cars
Type in answers that appear in a list
Type in answers that appear in a list
Classic
Best Score? Go Orange.
Pixar's Cars & Cars 2 Characters [Pictures] Stats
Can you name the characters from Pixar's 'Cars' and 'Cars 2' that appear in these images?
By
austinlee
8m
48 Questions
4,949 Plays
4,949 Plays
4,949 Plays
Comments
Comments
Give Quiz Kudos
Give Quiz Kudos
-
- Ratings
hide this ad
More Info
Replay
Link that replays current quiz
Next Quiz
Link to next quiz in quiz playlist
You Got
0%
They Got
Avg Score
49%
Avg Friend Score
Upgrade to see
Score Distribution
Jump to the score distribution portion of the page
Score
0/48
Timer
08:00
0
Plays Today
#
Character Name
% Correct
1
Lightning McQueen
94.4%
2
Mater
92.4%
3
Sally Carrera
84.8%
4
Doc Hudson
82.8%
5
Luigi
78.2%
9
Mack
74.5%
8
Chick Hicks
73.1%
13
Flo
71.2%
14
Strip 'The King' Weathers
70.4%
6
Guido
68.7%
7
Sheriff
67.8%
15
Red
67.1%
34
Finn McMissile
66.8%
11
Sarge
66.5%
12
Ramone
66.5%
10
Fillmore
66%
35
Holley Shiftwell
59.3%
36
Francesco Bernoulli
58.5%
17
Lizzie
52.4%
18
Frank
48.8%
41
Sir Miles Axlerod
48.7%
19
Fred
47.4%
25
Mia
47.1%
24
Tia
46.3%
#
Character Name
% Correct
33
Snotrod
44.2%
32
DJ
43.9%
21
Tex Dinoco
43.1%
43
Professor Zündapp
42.2%
23
Darrell Cartrip
40.4%
16
Stanley
38.5%
47
Grem
38.4%
48
Acer
37.8%
31
Wingo
37.5%
30
Boost
36.4%
29
Minny
33.7%
28
Van
32.9%
26
Rusty Rust-eze
32.6%
40
Siddeley
32.6%
44
Raoul ÇaRoule
31.4%
20
Mrs The King
30.4%
45
Miguel Camino
29.8%
27
Dusty Rust-eze
28.2%
22
Bob Cutlass
27.8%
42
Uncle Topolino
27%
39
Leland Turbo
26.1%
46
Tomber
25.6%
37
Brent Mustangburger
21.1%
38
David Hobbscap
16.6%
Quiz Playlist
Details
Report
Send in Message
Add To Playlist
More Info:
Answers #1-33 first appeared in the original "Cars". Answers #34-48 are "Cars 2" characters.
Classic:
Type in answers that appear in a list
Quiz Source
Last Updated: Apr 30, 2017
Quiz Scoreboard
CHALLENGE
Sign Up to Join the Scoreboard
Show All
Scores
Hide
Comments
May contain spoilers
Recently Published
An Introduction to Baseball
by treessimontrees
Sports
5m
Movies - When Are They Set?
by FPL_Elf
Movies
5m
Popular People in 1961
by mucciniale
History
6m
More to Explore
Quiz From the Vault
Featured Blog Post
Where Did the Easter Bunny Come From?
hide this ad
You Might Also Like...
Tags
Animation Quiz
Cars Quiz
Computer Quiz
Disney Quiz
Pixar Quiz
car
Character
Image Quiz
name
Today's Top Quizzes in Movies
Browse Movies
hide this ad
Today's Top Quizzes in Cars
Browse Cars
Top Contributed Quizzes in Movies
1
Pick 5 Posters: Directed by Spielberg
2
Multi-Oscar Nominations, One Movie, One Winner
3
12 Movies about Fictional 1960s Events
4
One Thing in Common: Movies
5
Sunday Crossword: Film Score Composers
6
One Thing in Common: Movies II
7
Pick 5 Posters: Lowest-Rated Spielberg
8
Three Word 'H' Movies Match Up
9
Three Word 'T' Movies Match Up
10
7-to-1: Pixar Characters
Explore More
Trending Topics
Marvel
NBA
Kpop
Disney
Crossword
Harry Potter
Anime
The Office
Soccer
NFL
Pokémon
Song
Puzzle
Country
WWE
hide this ad
More By:
austinlee
Quiz
Plays
Rating
Category
Featured
Created
NFL QB/WR Ladder
133,891
3.91
Sports
Dec 5, 2010
Family Tree
85,503
4.58
Just For Fun
Mar 30, 2011
4+ Oscar Acting Nominations, No Wins
24,310
4.20
Movies
Feb 4, 2011
Original NES Games (North America)
14,410
4.00
Gaming
May 1, 2010
ULTIMATE Toy Story 3 Characters Quiz!
6,720
4.32
Movies
Jun 18, 2010
Go to Creator's Profile
Score Distribution
Quiz Creator Spotlight
austinlee
Follow
Send a Message
Quizzes Created
-
Created Quiz Play Count
-
More By This Creator
Popular Quizzes Today
1
Find the Countries of Europe - No Outlines Minefield
2
Find the US States - No Outlines Minefield
3
The Countries of the World
4
Popular People in 1961
5
US States
6
1-10 Letter E Words III
7
Find the US States
8
One Thing in Common: World Cities II
More Movies Quizzes
DC Extended Universe 7-to-1
Curator's Pick
Trending Quizzes
Risky Map Clicking: Least Populous States A-Z
1-10 Letter F Words
1-10 Letter G Words
One Thing in Common: United Kingdom
Risky Map Clicking: Next State Alphabetically
Recently Updated
Leaping Animals
pecheneg
Reality TV Shows (A-Z)
bhenderson79
Rickey Henderson's Hall of Fame Teammates
pecheneg
Champions League XIs: Arsenal
pecheneg
Quick Pick: Celebrities in WWE's Hall of Fame
aduchscher
A-Z Keypad Blitz II
pecheneg
Multiple Oscar Actors
pecheneg
Mystery Phrase Blitz: Oscar 'Best Actors'
pecheneg
F. Scott Fitzgerald Novels
LTH
Pick 3 Villains
ddd62291
Trending Topics
Harry Potter
Anime
Crossword
NBA
Kpop
Marvel
Disney
Pokémon
Country
The Office
Soccer
Song
WWE
Puzzle
NFL
Your Account Isn't Verified!
In order to create a playlist on Sporcle, you need to verify the email address you used during registration. Go to your
Sporcle Settings
to finish the process.
Report this User
Report this user for behavior that violates our
Community Guidelines
.
Details:
Send Report
Go to the Sporcle.com Mobile Site →
Comments